| 000 | 00940cam a2200289 i 4500 | ||
|---|---|---|---|
| 001 | 1278100 | ||
| 003 | ARRUPE | ||
| 005 | 20151020111218.0 | ||
| 008 | 760109s1975 oncaf b 000 0deng | ||
| 010 | _a 75331714 | ||
| 015 | _aC*** | ||
| 020 | _a0802021824. 0802062687 pbk. | ||
| 022 | _a0802062687 | ||
| 040 |
_aDLC _cDLC _dDLC |
||
| 043 | _ae-uk-en | ||
| 050 | 0 | 0 |
_aDA688 _b.B65 |
| 082 | 0 | 0 | _a942.1/082 |
| 100 |
_aRosenbaum, S. P. _920310 |
||
| 245 | 0 | 4 |
_aThe Bloomsbury group : _ba collection of memoirs, commentary, and criticism / _cedited by S. P. Rosenbaum. |
| 260 |
_aToronto ; _aBuffalo : _bUniversity of Toronto Press, _cc1975. |
||
| 300 |
_axxi, 444 p.; _bill. ; _c23cm. |
||
| 504 | _aBibliography: p. 417-434. | ||
| 651 | 0 |
_aLondon _xIntellectual life _920311 |
|
| 700 | 1 |
_aRosenbaum, S. P. _q(Stanford Patrick), _d1929-2012. _920312 |
|
| 906 |
_a7 _bcbc _corignew _d3 _encip _f19 _gy-gencatlg |
||
| 942 |
_2lcc _cMONOGRAPH |
||
| 999 |
_c123532 _d123532 |
||